| 000 | 00429nam a2200181Ia 4500 | ||
|---|---|---|---|
| 005 | 20240607050615.0 | ||
| 008 | 240331s9999 xx 000 0 und d | ||
| 020 | _a9844670454 | ||
| 082 |
_bAKH _a363 |
||
| 100 | _aAKhter,F | ||
| 245 | 0 | _aDepopulating Bangladesh | |
| 250 | _a3rd | ||
| 260 |
_aDhaka _bNarigrantha Prabartana _c2005 |
||
| 300 | _a254 p., | ||
| 650 | _aDepopulate | ||
| 650 | _aReproductive Rights | ||
| 942 | _cL | ||
| 999 |
_c4543 _d4543 |
||